[Event "Euskadi-chT (Vasca) Div 1st"]
[Site "Bergara"]
[Date "2016.??.??"]
[Round "9.4"]
[White "Villacorta Nicolas, David"]
[Black "Blanco de la Rosa, Diego"]
[Result "1-0"]
[WhiteElo "2030"]
[BlackElo "1757"]
[PlyCount "131"]
[EventDate "2016.01.09"]
[EventType "team-tourn"]
[EventRounds "9"]
[EventCountry "ESP"]
[SourceTitle "EXT 2024"]
[Source "ChessBase"]
[SourceDate "2023.10.10"]
[SourceVersion "1"]
[SourceVersionDate "2023.10.10"]
[SourceQuality "1"]

1. e4 e5 2. Nf3 Nc6 3. Bb5 Nge7 4. 0-0 g6 5. d3 d6 6. Re1 a6 7. Ba4 Bg7 8. Nc3 0-0 9. Bb3 Be6 10. Be3 Qd7 11. Bxe6 fxe6 12. Qd2 Nd4 13. Bxd4 exd4 14. Ne2 Nc6 15. Rf1 e5 16. Qg5 Nd8 17. h4 Ne6 18. Qg4 Qe7 19. Qh3 Nf4 20. Nxf4 Rxf4 21. h5 g5 22. g4 h6 23. Nd2 Qe6 24. f3 c6 25. Rf2 c5 26. Kg2 b5 27. a4 Rb8 28. b3 d5 29. exd5 Qxd5 30. Rff1 c4 31. bxc4 Qe6 32. axb5 axb5 33. Kg3 Bf8 34. Rab1 Bd6 35. Ne4 bxc4 36. Rxb8+ Bxb8 37. Qg2 Kf7 38. Rb1 Bc7 39. Qf1 cxd3 40. Qxd3 Kg7 41. Ra1 Rf7 42. Ra6 Bb6 43. Qb3 Rb7 44. Nd2 e4 45. Qc4 Qd6+ 46. Kg2 exf3+ 47. Nxf3 Rc7 48. Qb3 Rc6 49. Qd3 Qc5 50. Kh3 Re6 51. Qf5 Qc6 52. Ne5 Rxe5 53. Qxe5+ Kg8 54. Qb8+ Kf7 55. Qa7+ Kg8 56. Qa8+ Qxa8 57. Rxa8+ Kg7 58. Ra6 Bc5 59. Rg6+ Kh7 60. Kg2 Ba7 61. Kf3 Bb8 62. Ke4 Ba7 63. Rd6 Bc5 64. Rd7+ Kg8 65. Rxd4 Bxd4 66. Kxd4 1-0

[Event "Lorca op 4th"]
[Site "Lorca"]
[Date "2015.12.26"]
[Round "1"]
[White "Villacorta Nicolas, David"]
[Black "Lalic, Bogdan"]
[Result "1/2-1/2"]
[WhiteElo "1970"]
[BlackElo "2446"]
[PlyCount "36"]
[EventDate "2015.12.26"]
[EventType "swiss"]
[EventRounds "9"]
[EventCountry "ESP"]
[SourceTitle "CBM 170 Extra"]
[Source "ChessBase"]
[SourceDate "2016.02.25"]
[SourceVersion "1"]
[SourceVersionDate "2016.02.25"]
[SourceQuality "1"]

1. e4 c5 2. Nf3 Nc6 3. d4 cxd4 4. Nxd4 e6 5. Nc3 a6 6. a3 Nf6 7. Nxc6 bxc6 8. e5 Nd5 9. Ne4 f5 10. exf6 Nxf6 11. Nd6+ Bxd6 12. Qxd6 Qa5+ 13. b4 Qd5 14. Qxd5 cxd5 15. Bb2 Bb7 16. Bd3 Kf7 17. 0-0 Rhc8 18. Rfc1 d6 1/2-1/2